Score 0/22 Timer 03:00
0 Plays Today
Song Missing Word % Correct
_____ My FireLight
96.8%
_____ are StrangePeople
93.5%
Touch _____Me
93.1%
_____ On the StormRiders
88.9%
Roadhouse _____Blues
84.7%
L.A. _____Woman
83%
Break On _____Through
82.4%
_____, I Love YouHello
81.1%
Five to _____One
79.5%
Back _____ ManDoor
78.9%
_____ of the HighwayQueen
70.9%
Song Missing Word % Correct
End of the _____Night
68.8%
Unhappy _____Girl
66.5%
20th Century _____Fox
65.5%
_____ SummerIndian
62.9%
The _____ SoldierUnknown
61%
_____, The River KnowsYes
57.8%
_____ DaysStrange
56.3%
_____ Song (Whiskey Bar)Alabama
48%
The _____ ShipCrystal
47.8%
Soul _____Kitchen
41.3%
Not to Touch the _____Earth
38.8%

Today's Daily Dose

Missing Word
Boxers

Quick Pick
Rise or Fall?

You're not logged in!

Compare scores with friends on all Sporcle quizzes.
OR
Log In

Sporcle TV

Today on Sporcle TV


Watch our educational content, quiz creation guides, and fun videos on Sporcle TV.

Show Comments

Extras

Top Quizzes Today


Score Distribution

Paid Content

Your Account Isn't Verified!

In order to create a playlist on Sporcle, you need to verify the email address you used during registration. Go to your Sporcle Settings to finish the process.

Report this User

Report this user for behavior that violates our Community Guidelines.

Details: